| 000 | 00000nam##2200000za#4500 |
| 001 | 9.614543 |
| 003 | CaOODSP |
| 005 | 20210615100912 |
| 007 | ta |
| 008 | 150406|1998||||xxc||||| f|0| 0 eng|d |
| 020 | |a0-662-27153-X |
| 040 | |aCaOODSP|beng |
| 043 | |an-cn--- |
| 086 | 1 |aF21-6/1998-14E |
| 110 | 1 |aCanada.|bDepartment of Finance.|bTask Force on the Future of the Canadian Financial Services Sector. |
| 245 | 10|aPublic opinion research relating to the financial services sector / |cPrepared by Ekos Research Associates Inc. |
| 260 | |aOttawa - Ontario : |bFinance Canada. |c1998. |
| 300 | |a126p. : |bgraphs ; |c28 cm. |
| 490 | 1 |aResearch paper prepared for the Task Force on the Future of the Canadian Financial Services Sector |
| 500 | |aN.B.: Incorrect catalogue number (BT22-61/3-1998E-14) printed in this publication. |
| 563 | |aSoftcover |
| 590 | |a98-45|b1998-11-06 |
| 690 | 07|aFinancial institutions|2gcpds |
| 775 | 08|tSondage de l'opinion publique sur le secteur des services financiers / |w(CaOODSP)9.624860 |
| 776 | 0#|tPublic opinion research relating to the financial services sector / |w(CaOODSP)9.572309 |
| 830 | #0|aResearch paper prepared for the Task Force on the Future of the Canadian Financial Services Sector.|w(CaOODSP)9.514612 |